000 02274cam a2200169 4500500
005 20260208010824.0
041 _afre
042 _adc
100 1 0 _aLorvellec, Yves
_eauthor
245 0 0 _aDenis Kambouchner, L’École, question philosophique, Paris, Fayard, 2013, 357 p., 22,50 €
260 _c2013.
500 _a30
520 _aCommentaire des Maximes capitales XXXI à XXXVIII. La théorie épicurienne du droit doit être pensée à partir de la distinction entre les désirs naturels, dont la satisfaction réfléchie donne le bonheur, et les désirs non naturels ou « vains », qui nous engagent dans la poursuite indéfinie d’un bonheur inaccessible. Si les humains se bornent à satisfaire leurs désirs naturels, ils forment une société sans conflits, où règnent la paix et le juste selon la nature. S’ils sont animés de « vains désirs », ils créent une société du progrès indéfini, du toujours plus, et ils inventent le droit positif. Toutefois, la société complexe, œuvre des « insensés », a une base naturelle, car les « insensés » ont des désirs naturels, de sorte que le droit positif a une part par où il s’accorde avec le droit naturel.
520 _aNatural Law and Positive Law according to EpicurusA commentary of Capital Maxims XXXI to XXXVIII. The Epicurean theory of law is best conceived through the distinction between natural desires, the satisfaction of which provides happiness, and non natural or “vain” desires, which subject us to the indefinite pursuit of an unreachable happiness. If humans content themselves with satisfying their natural desires, they form a society without conflicts, where peace and justice according to nature prevail. If they are driven by “vain desires”, they create a society of indefinite progress, of “bigger and better”, and they invent positive law. However, complex society, created by the “unwise”, has a natural foundation, for the unwise do have natural desires, so that positive law partly agrees with natural law.
786 0 _nRevue philosophique de la France et de l'étranger | 138 | 4 | 2013-11-06 | p. 557u-584u | 0035-3833
856 4 1 _uhttps://shs.cairn.info/revue-philosophique-2013-4-page-557u?lang=fr&redirect-ssocas=7080
999 _c1658381
_d1658381